000 00631nam a22002177a 4500
003 UA-OsUOA
001 122312
007 ta
008 20170424b un ||||| |||| 00| 0 ukr d
100 _aТрегуб Г.
090 _a32
_bТ66
942 _cSA
040 _aUA-OsUOA
_bukr
_cUA-OsUOA
_dUA-OsUOA
245 _aАнн де Тангі: "Заморожені конфлікти - це інструмент впливу Росії"
300 _aС.36-38
955 _a0
041 _aukr
080 _a32
773 0 _w122310
_tУкраїнський тиждень
_dК.
_d2017
_g14
650 7 _a32 Політика
_2UDC
999 _c408541
_d408541